000 00994nam a2200301 i 4500
003 EG-GICUC
005 20260121101526.0
008 251220s1937 fr ||||fr|||| 000 0 fre d
040 _aEG-GiCUC
_bfre
_cEG-GiCUC
_dEG-GiCUC
_eRda
041 _afre
082 0 4 _221
_a341.83055
_bMO . E
092 0 4 _221
099 _aLaw1 12 341.83055 MO . E 1937
100 1 _aMoazzami, Abdollah
_eAuteur
245 1 0 _aEssai Sur La Situation Des Étrangers en Iran /
_cAbdollah Moazzami.
264 1 _aParis :
_bRecueil Sirey,
_c1937.
300 _a275 Pages ;
_c24 cm .
336 _2rda contenu
_a texte
337 _2rda medias
_aOrdinateur
338 _2 transporteur rda
_a Ressource en ligne
504 _aInclude Bibliography And Bibliographic references
546 _aTexte en français
650 1 4 _aÉtrangers
_xDroit international privé
_zIran
_2qrmak
651 1 _2qrmak
856 4 0 _uhttps://fll.law.cu.edu.eg/fulltext/bks/B12-01662.pdf
905 _a75
_eYara
942 _2ddc
_n0
_cBK
_e21
999 _c51789
_d51789